| 000 | 01623nam a22003494a 4500 | ||
|---|---|---|---|
| 001 | ebr10152591 | ||
| 003 | CaPaEBR | ||
| 006 | m u | ||
| 007 | cr cn||||||||| | ||
| 008 | 050531s2005 caua sb 000 0 eng | ||
| 010 | _z 2005015780 | ||
| 020 | _z0833038052 (pbk. : alk. paper) | ||
| 040 |
_aCaPaEBR _cCaPaEBR |
||
| 035 | _a(OCoLC)65465982 | ||
| 043 | _aa-cc--- | ||
| 050 | 1 | 4 |
_aHF1414.55.C6 _bM43 2005eb |
| 082 | 0 | 4 |
_a382/.64/0951 _222 |
| 100 | 1 | _aMedeiros, Evan S. | |
| 245 | 1 | 0 |
_aChasing the dragon _h[electronic resource] : _bassessing China's system of export controls for WMD-related goods and technologies / _cEvan S. Medeiros. |
| 260 |
_aSanta Monica, CA : _bRand Corp., _c2005. |
||
| 300 |
_axxii, 112 p. : _bill. |
||
| 500 | _a"MG-353." | ||
| 504 | _aIncludes bibliographical references (p.109-112). | ||
| 505 | 0 | _aIntroduction -- History of Chinese export controls -- Key organizations in China's export control system -- Chinese export control decision making : registration and licensing processes -- Challenges in implementation and enforcement of export controls. | |
| 533 |
_aElectronic reproduction. _bPalo Alto, Calif. : _cebrary, _d2013. _nAvailable via World Wide Web. _nAccess may be limited to ebrary affiliated libraries. |
||
| 650 | 0 |
_aExport controls _zChina. |
|
| 650 | 0 |
_aWeapons of mass destruction _xGovernment policy _zChina. |
|
| 650 | 0 |
_aArms transfers _zChina. |
|
| 655 | 7 |
_aElectronic books. _2local |
|
| 710 | 2 | _aebrary, Inc. | |
| 856 | 4 | 0 |
_uhttp://site.ebrary.com/lib/rucke/Doc?id=10152591 _zAn electronic book accessible through the World Wide Web; click to view |
| 999 |
_c95594 _d95594 |
||